| 000 | 00716nam a22001577a 4500 | ||
|---|---|---|---|
| 999 |
_c4645 _d235149 |
||
| 080 | _a343.43 R 618 | ||
| 100 |
_4aut _aRodríguez, María Laura |
||
| 245 |
_aFormación y Derechos Humanos: _bLa Experiencia universitaria en la capacitación de los futuros oficiales del Servicio Penitenciario Federal |
||
| 300 | _a102 P. | ||
| 500 | _aDirector de tesis: Delgado, Sergio- CO- Director: Pezzola, Adrián | ||
| 502 | _aTesis( Máster)--Universidad Nacional de Mar del Plata. Facultad de Derecho. Departamento de Posgrado, 2017. | ||
| 504 | _aTiene Bibliografía: P. 83- 97. | ||
| 650 |
_2IEDCYT _acriminologia _aderechos humanos _aservicio penitenciario _aprision _acarcel |
||
| 945 |
_acd _d2017-10-20 |
||